Minecraft Villager Jobs - Picture Quiz - Statistics

General Stats
  • This quiz has been taken 117 times
  • The average score is 9 of 15
Answer Stats
Picture Answer % Correct
Farmer
89%
Unemployed
79%
Librarian
75%
Fletcher
69%
Cartographer
66%
Butcher
63%
Fisherman
63%
Cleric
60%
Nitwit
54%
Armorer
53%
Leatherworker
53%
Weaponsmith
51%
Shepherd
42%
Toolsmith
39%
Mason
38%
No matching quizzes found
Score Distribution
Percent of People with Each Score
Percentile by Number Answered
Your Score History
You have not taken this quiz